| 000 | 00384nam a2200133Ia 4500 | ||
|---|---|---|---|
| 008 | 150202s9999 xx 000 0 und d | ||
| 020 | _a671432516 | ||
| 050 |
_aFIC _bFIC |
||
| 100 | _aMacGregor, Ellen. | ||
| 245 |
_aMiss Pickerell tackles the energy crisis / _cEllen MacGregor. |
||
| 260 |
_aNew York : _bPocket Books, _c1980. |
||
| 300 |
_a158 pages : _c18 cm. |
||
| 650 | _aFiction. | ||
| 999 |
_c282220 _d282220 |
||